Statistics for sam fender- hypersonic missiles album

Click here to take the quiz!

General Stats

  • This quiz has been taken 24 times
  • The average score is 10 of 13

Answer Stats

Answer% Correct
Hypersonic Missiles
100%
Dead Boys
94%
Play God
83%
Use - live
83%
Call Me Lover
78%
Leave Fast
78%
Saturday
78%
The Borders
78%
Two People
78%
Will We Talk?
78%
That Sound
72%
White Privilege
67%
Your Not The Only One
50%

Score Distribution

Percentile by Number Answered

Percent of People with Each Score

Your Score History

You have not taken this quiz